[Event "Berlin-ch U12"]
[Site "Berlin"]
[Date "2005.01.29"]
[Round "9"]
[White "Penner, Markus"]
[Black "Schalge, Hendrik"]
[Result "1-0"]
[WhiteElo "1271"]
[BlackElo "1062"]
[PlyCount "67"]
[EventDate "2005.01.23"]
[EventType "tourn"]
[EventRounds "9"]
[EventCountry "GER"]
[SourceTitle "EXT 2007"]
[Source "ChessBase"]
[SourceDate "2006.11.23"]
[SourceVersion "1"]
[SourceVersionDate "2006.11.23"]
[SourceQuality "1"]

1. e4 c6 2. d4 d5 3. exd5 cxd5 4. Nc3 Nf6 5. Nf3 Nc6 6. Bd3 e6 7. 0-0 Bd6 8. Re1 0-0 9. Bg5 Be7 10. Ne5 Nxe5 11. dxe5 Nd7 12. Qh5 g6 13. Bxe7 Qxe7 14. Qh6 f6 15. f4 Qg7 16. Qxg7+ Kxg7 17. Nb5 Nb6 18. Nc7 Rb8 19. b3 f5 20. a4 Bd7 21. Bb5 Kf7 22. a5 a6 23. Bxa6 bxa6 24. axb6 Rxb6 25. Nxa6 Rc6 26. Nb4 Rb6 27. Nd3 Bb5 28. Ra7+ Kg8 29. Nc5 Rf7 30. Rea1 Rc6 31. b4 Rcc7 32. Ra8+ Rf8 33. Rxf8+ Kxf8 34. Nxe6+ 1-0

[Event "Berlin-ch U12"]
[Site "Berlin"]
[Date "2005.01.25"]
[Round "4"]
[White "Schalge, Hendrik"]
[Black "Linke, Stefan1"]
[Result "1-0"]
[WhiteElo "1062"]
[BlackElo "999"]
[PlyCount "55"]
[EventDate "2005.01.23"]
[EventType "tourn"]
[EventRounds "9"]
[EventCountry "GER"]
[SourceTitle "EXT 2007"]
[Source "ChessBase"]
[SourceDate "2006.11.23"]
[SourceVersion "1"]
[SourceVersionDate "2006.11.23"]
[SourceQuality "1"]

1. e4 e5 2. Nf3 Nc6 3. Bc4 Nf6 4. Ng5 d5 5. exd5 Na5 6. Bb5+ c6 7. dxc6 bxc6 8. Be2 h6 9. Nf3 e4 10. Ne5 Qd5 11. f4 exf3 12. Nxf3 Bc5 13. Nc3 Qd8 14. a3 Nb7 15. b4 Bb6 16. d4 Bg4 17. Bb2 Bxf3 18. Bxf3 Qxd4 19. Qxd4 Bxd4 20. Bxc6+ Nd7 21. Bxb7 Rb8 22. Ba6 0-0 23. 0-0-0 Bxc3 24. Bxc3 Nb6 25. Be5 Rbe8 26. Bd6 Re2 27. Bxf8 Kxf8 28. Bxe2 1-0

[Event "Berlin-ch U12"]
[Site "Berlin"]
[Date "2005.01.24"]
[Round "2"]
[White "Schalge, Hendrik"]
[Black "Duerre, Gregor"]
[Result "1/2-1/2"]
[WhiteElo "1062"]
[BlackElo "1195"]
[PlyCount "55"]
[EventDate "2005.01.23"]
[EventType "tourn"]
[EventRounds "9"]
[EventCountry "GER"]
[SourceTitle "EXT 2007"]
[Source "ChessBase"]
[SourceDate "2006.11.23"]
[SourceVersion "1"]
[SourceVersionDate "2006.11.23"]
[SourceQuality "1"]

1. e4 c5 2. Nf3 Nc6 3. Bb5 d6 4. Nc3 Bd7 5. Bxc6 Bxc6 6. d3 g6 7. 0-0 Bg7 8. Re1 e6 9. Be3 b6 10. d4 Ne7 11. dxc5 dxc5 12. Bf4 Qxd1 13. Raxd1 0-0 14. Ne5 Bxe5 15. Bxe5 f6 16. Bd6 Rfe8 17. Bxe7 Rxe7 18. Rd6 Rc8 19. e5 f5 20. f4 Kf7 21. Red1 Ree8 22. h3 Ke7 23. g4 Red8 24. Rxd8 Rxd8 25. Rxd8 Kxd8 26. b3 fxg4 27. hxg4 h5 28. g5 1/2-1/2